|
|
|
|
| LEADER |
00961nab a2200217 i 4500 |
| 001 |
misc28050 |
| 005 |
20191111110247.0 |
| 008 |
170930s1990 hu o 0|| zxx d |
| 040 |
|
|
|a SZTE Miscellanea Repozitórium
|b hun
|
| 041 |
|
|
|a zxx
|
| 100 |
1 |
|
|a Stájer Géza
|
| 245 |
1 |
0 |
|a Cycloaddition of nitrile oxides to norbornene-condensed dihydro-1,3-oxazines
|h [elektronikus dokumentum] /
|c Stájer Géza
|
| 260 |
|
|
|c 1990
|
| 300 |
|
|
|a 188, [1]
|
| 490 |
0 |
|
|a Kolligátum
|
| 695 |
|
|
|a Heterociklusos vegyületek - szintézis - előadáskivonat, Szerves kémia - reakciómechanizmus - előadáskivonat, Sztereokémia - előadáskivonat, Mágneses magrezonancia - színképelemzés - előadáskivonat
|
| 700 |
0 |
1 |
|a Szabó E. Angela
|e aut
|
| 700 |
0 |
1 |
|a Bernáth Gábor
|e aut
|
| 700 |
0 |
1 |
|a Sohár Pál
|e aut
|
| 710 |
|
|
|a European Colloquium on Heterocyclic Chemistry (14.) (1990) (Toledo)
|
| 856 |
4 |
0 |
|u http://misc.bibl.u-szeged.hu/28050/1/018_019_648-649.pdf
|z Dokumentum-elérés
|